[Event "Landesliga West MV 2013/14"]
[Site "?"]
[Date "2014.04.06"]
[Round "8.5"]
[White "Tuchtenhagen, Harald"]
[Black "Prosz, Benjamin"]
[Result "1/2-1/2"]
[WhiteElo "1838"]
[BlackElo "1782"]
[PlyCount "72"]
[EventType "team-tourn"]
[EventRounds "9"]
[WhiteTeam "Post SV Ludwigslust"]
[BlackTeam "SV Empor Kuehlungsborn"]

1. e4 e6 2. d4 d5 3. exd5 exd5 4. Nf3 Nf6 5. Be2 Bd6 6. O-O O-O 7. Nc3 c6 8.
Bg5 Bg4 9. Ne5 Bxe2 10. Nxe2 Be7 11. Ng3 Nfd7 12. Bxe7 Qxe7 13. Re1 Qd8 14. Nf5
Nxe5 15. dxe5 g6 16. Qg4 Qd7 17. Nh6+ Kg7 18. Qf4 (18. e6 $1) 18... Qe6 19. Ng4
Nd7 20. Qh6+ Kg8 21. Qg5 Rae8 22. Re3 h5 23. Nh6+ Kh7 24. Rae1 Qe7 25. f4 Qxg5
26. fxg5 Nc5 27. g4 hxg4 28. Nxg4 Kg7 29. Kg2 Rh8 30. Nf6 Re7 31. Kg3 Ne6 32.
h4 Nd4 33. h5 gxh5 34. Rc3 Kg6 35. Kh3 Ne6 36. Rg3 h4 1/2-1/2

[Event "Landesliga West MV 2013/14"]
[Site "?"]
[Date "2014.04.06"]
[Round "8.6"]
[White "Prueter, Reinhard"]
[Black "Mitscherling, Reinhard"]
[Result "0-1"]
[WhiteElo "1634"]
[BlackElo "1837"]
[PlyCount "102"]
[EventType "team-tourn"]
[EventRounds "9"]
[WhiteTeam "SV Empor Kuehlungsborn"]
[BlackTeam "Post SV Ludwigslust"]

1. d4 f5 2. Nf3 Nf6 3. c4 e6 4. Nc3 d5 5. e3 c6 6. Be2 Be7 7. Ne5 O-O 8. O-O
Nbd7 9. cxd5 cxd5 10. Bd2 Ne4 11. Nxe4 fxe4 12. Nxd7 Bxd7 13. Qb3 b6 14. Bb4
Rb8 15. Rac1 a5 16. Bxe7 Qxe7 17. Rc7 Qd6 18. Rfc1 Rf6 19. Bb5 Bxb5 20. Qxb5
Rbf8 21. R1c2 Rxf2 22. Rxf2 Qxc7 23. Rxf8+ Kxf8 24. Qf1+ Ke7 25. g3 h6 26. Qe2
Qc4 27. Qf2 Qxa2 28. Kg2 Qb3 29. Qf4 Qxb2+ 30. Kh3 Qc3 31. Qb8 Qc6 32. Qg8 Qd7
33. Qxg7+ Kd8 34. Qxh6 a4 35. Kg2 Qf7 36. Qh8+ Ke7 37. Qh4+ Kd7 38. Qg5 a3 39.
Qe5 a2 40. Qb8 a1=Q 41. Qb7+ Ke8 42. Qb8+ Ke7 43. Qc7+ Kf6 44. Qf4+ Kg7 45.
Qg5+ Kf8 46. Qd8+ Qe8 47. Qf6+ Kg8 48. Qg5+ Kf7 49. Qf4+ Ke7 50. Qc7+ Qd7 51.
Qxb6 Qc3 0-1

[Event "Landesliga West MV 2013/14"]
[Site "?"]
[Date "2014.04.06"]
[Round "8.7"]
[White "Emmrich, Olaf"]
[Black "Miedeck, Franz"]
[Result "1/2-1/2"]
[WhiteElo "1800"]
[BlackElo "1592"]
[PlyCount "50"]
[EventType "team-tourn"]
[EventRounds "9"]
[WhiteTeam "Post SV Ludwigslust"]
[BlackTeam "SV Empor Kuehlungsborn"]

1. e4 c5 2. Nf3 d6 3. Bc4 Nf6 4. c3 a6 5. Qe2 b5 6. Bb3 Bb7 7. d3 e6 8. Bg5 Be7
9. Nbd2 Nbd7 10. O-O O-O 11. Bc2 e5 12. a4 h6 13. Bxf6 Nxf6 14. axb5 axb5 15.
d4 exd4 16. cxd4 c4 17. e5 Nd5 18. Ne4 Rxa1 19. Rxa1 Nb4 20. Bb1 Re8 21. Nc3
Qd7 22. Ra5 Bc6 23. Be4 d5 24. Bb1 Bd8 25. Ra1 Bb6 1/2-1/2

[Event "Landesliga West MV 2013/14"]
[Site "?"]
[Date "2014.04.06"]
[Round "8.8"]
[White "Noelck, Ulrich"]
[Black "Altenburg, Reiner"]
[Result "1-0"]
[WhiteElo "1597"]
[BlackElo "1698"]
[PlyCount "81"]
[EventType "team-tourn"]
[EventRounds "9"]
[WhiteTeam "SV Empor Kuehlungsborn"]
[BlackTeam "Post SV Ludwigslust"]

1. d4 c5 2. c3 e6 3. Nf3 Nf6 4. Bg5 d5 5. e3 Be7 6. Bd3 Nbd7 7. Nbd2 O-O 8. O-O
b6 9. Ne5 Nxe5 10. dxe5 Nd7 11. Bxe7 Qxe7 12. f4 f5 13. Rf3 Rd8 14. Rh3 Nf8 15.
Nf3 Bd7 16. Qe2 Be8 17. Rd1 Bg6 18. Bc2 Qe8 19. c4 dxc4 20. Rxd8 Rxd8 21. Qxc4
Qd7 22. Qe2 h6 23. Bb3 Qd3 24. Qxd3 Rxd3 25. Kf2 Be8 26. Bc2 Rd8 27. Ke1 Bc6
28. Rg3 Bd5 29. a3 b5 30. Nd2 Nd7 31. e4 fxe4 32. Bxe4 Nb6 33. Bxd5 Rxd5 34.
Rf3 g5 35. g3 Kg7 36. Ne4 Kg6 37. Nc3 Rd4 38. Nxb5 Re4+ 39. Kf2 gxf4 40. gxf4
Kf5 41. Nd6+ 1-0